000 00724nam a2200205 i 4500
001 70113
003 ES-MaACL
005 20230906170725.0
007 t|
008 040719s1931 es ||||1| spa d
080 _a811.134.2'282(7/8)
100 1 _aGarcía Ontiveros, Felipe.
_955048
245 1 0 _aElogio de la raza y del idioma
_b: discurso de ingreso en el Ateneo de El Salvador /
_cFelipe García Ontiveros ; contestación de José M. Peralta.
260 _aSan Salvador :
_b[s.n.,
_c1931] (
_fImp. Arévalo)
300 _a30 p. ;
_c19 cm.
650 _aLengua española-
_zAmérica.
_914118
700 1 _aPeralta Lagos, José María.
_990385
710 2 _aAteneo de El Salvador.
_91865
852 _aES-MaACL
_j1749-F-2
999 _c70113
_d70113